000 01233cam a22003615c 4500
999 _c63980
_d63980
001 768714001
003 CO-MdFUSB
005 20180622170022.0
008 931229s1993 sp | |||| ||spa
017 _aBI 1616-1993
_bOficina Depósito Legal Vizcaya
020 _a8429311017
040 _aSpMaBN
_bspa
_cCO-MdFUSB
_erda
_dCO-MdFUSBC
041 _aspa
080 0 _a215
082 _223
_a261.55
_bUD21c
100 1 _aUdías Vallina, Agustín
_d1935-
_eautor
245 1 0 _aConflicto y diálogo entre ciencia y religión
_c/ Agustín Udías Vallina
_b:
264 1 _aMaliaño (Cantabria)
_bSal Terrae
_c[1993]
264 4 _c1993
300 _a39 páginas
_c: 23 cm
_b:
336 _2rdacontent
_a1
_ba1
337 _2rdamedia
_a2
_b5
338 _2rdacarrier
_a2
_b5
490 1 _aAqui y ahora
505 _aFe religiosa y ciencia experimental -- Conflictos entre religión y ciencia -- La ciencia, la religión y los fundamentos de la ética -- Independencia y autonomía mutuas -- Diálogo entre fe y ciencia.
563 _arústico
650 7 _aReligión y ciencia
_2embne
830 _v25
_aAqui y ahora,
942 _cBK
956 _a1 2